| 000 | 01983nam a22003974a 4500 | ||
|---|---|---|---|
| 001 | ebr10177987 | ||
| 003 | CaPaEBR | ||
| 006 | m u | ||
| 007 | cr cn||||||||| | ||
| 008 | 060811s2007 nyuab sbi 001 0 eng | ||
| 010 | _z 2006025653 | ||
| 020 | _z0231140002 (clothbound : alk. paper) | ||
| 020 | _z0231511523 (e-book) | ||
| 040 |
_aCaPaEBR _cCaPaEBR |
||
| 035 | _a(OCoLC)568043807 | ||
| 043 | _aa-kn--- | ||
| 050 | 1 | 4 |
_aHC470.2.Z9 _bF35 2007eb |
| 082 | 0 | 4 |
_a363.8095193 _222 |
| 100 | 1 | _aHaggard, Stephan. | |
| 245 | 1 | 0 |
_aFamine in North Korea _h[electronic resource] : _bmarkets, aid, and reform / _cStephan Haggard and Marcus Noland ; foreword by Amartya Sen. |
| 260 |
_aNew York : _bColumbia University Press, _cc2007. |
||
| 300 |
_axxii, 309 p. : _bill., maps. |
||
| 504 | _aIncludes bibliographical references (p. [283] - 301) and index. | ||
| 505 | 0 | _aIntroduction: Famine, aid, and markets in North Korea -- The origins of the great famine -- The distribution of misery : famine and the breakdown of the public distribution system -- The aid regime : the problem of monitoring -- Diversion -- The political economy of aid -- Coping, marketization, and reform : new sources of vulnerability -- Conclusion : North Korea in comparative and international perspective. | |
| 533 |
_aElectronic reproduction. _bPalo Alto, Calif. : _cebrary, _d2013. _nAvailable via World Wide Web. _nAccess may be limited to ebrary affiliated libraries. |
||
| 650 | 0 |
_aFamines _zKorea (North) |
|
| 650 | 0 |
_aFood supply _zKorea (North) |
|
| 650 | 0 |
_aFood relief _zKorea (North) |
|
| 651 | 0 |
_aKorea (North) _xEconomic conditions. |
|
| 651 | 0 |
_aKorea (North) _xEconomic policy. |
|
| 651 | 0 |
_aKorea (North) _xSocial conditions. |
|
| 655 | 7 |
_aElectronic books. _2local |
|
| 700 | 1 |
_aNoland, Marcus, _d1959- |
|
| 710 | 2 | _aebrary, Inc. | |
| 856 | 4 | 0 |
_uhttp://site.ebrary.com/lib/rucke/Doc?id=10177987 _zAn electronic book accessible through the World Wide Web; click to view |
| 999 |
_c140559 _d140559 |
||